[Event "Novgorod"]
[Site "Novgorod"]
[Date "1997.06.16"]
[Round "5"]
[White "Bareev, Evgeny"]
[Black "Gelfand, Boris"]
[Result "1/2-1/2"]
[WhiteElo "2665"]
[BlackElo "2700"]
[Annotator "Tsesarsky,I"]
[PlyCount "59"]
[EventDate "1997.06.11"]
[EventType "tourn"]
[EventRounds "10"]
[EventCountry "RUS"]
[EventCategory "19"]
[SourceTitle "CBM 060"]
[Source "ChessBase"]
[SourceDate "1997.09.29"]
[SourceVersion "1"]
[SourceVersionDate "1997.09.29"]
[SourceQuality "1"]

1. d4 Nf6 2. c4 e6 3. Nc3 Bb4 4. Qc2 d5 5. cxd5 Qxd5 6. e3 c5 7. Bd2 (7. a3
cxd4 $5 (7... Bxc3+ 8. bxc3 O-O 9. Nf3 cxd4 10. cxd4 b6 11. Bc4 Qc6 12. Bd3
Qxc2 13. Bxc2 Ba6 14. Ne5 Nbd7 15. Nxd7 Nxd7 16. Bb2 Rac8 17. Rc1 Rfd8 18. f3
e5 19. Kf2 exd4 20. Bxd4 Nc5 $10 {Alekhine-Euwe/Amsterdam Wch (12)/1937}) 8.
axb4 (8. exd4 $6 Bxc3+ 9. bxc3 O-O 10. Nf3 Nc6 11. Bd3 e5 12. c4 Qd6 13. d5 e4
14. Bxe4 Re8 $15) 8... dxc3 9. bxc3 (9. Qxc3 O-O 10. Nf3 b6 11. Bc4 Qd6 12. O-O
Bb7 $10) 9... b5 $5 (9... O-O 10. c4 (10. Nf3 b6 11. c4 $1 (11. Be2 Bb7 12. O-O
Rc8 13. c4 Qc6 14. Bb2 Nbd7 15. Qc3 $14 {1-0 Flohr S-Koblenc A/Rosas (Spain)
1935 (24)}) 11... Qd6 12. Ba3 Qc7 13. Be2 Bb7 14. b5 $6 (14. O-O $14) 14... Rd8
$132 {1/2-1/2 Hansen,L-Petursson,M/Reykjavik zt 1995 (25)}) 10... Qe4 11. Qxe4
Nxe4 12. Bd3 Nf6 13. Bb2 $14) 10. Nf3 O-O 11. c4 (11. Be2 Bb7 12. O-O Rc8 13.
Ra5 a6 14. c4 Qd8 $132 {/\Nc6}) 11... bxc4 12. Bxc4 Qe4 13. Bd3 $6 (13. Qxe4
Nxe4 14. Ke2 (14. Nd4 Bb7 15. f3 Nd6 16. Be2 $14 {1-0 Jelen,I-Kragelj,I/SLO-ch
1996 (21)}) 14... Bb7 15. Bb2 Nd7 16. Rhc1 $14) 13... Qxb4+ 14. Ke2 Qb6 15. Ba3
Re8 16. Bc5 Qc7 17. Rhc1 a5 18. Bb4 Qxc2+ 19. Rxc2 Ba6 $10 {1/2-1/2 Kasparov,
G-Nikolic,P/Moscow olm RUS 1994 (20)}) 7... Bxc3 8. Bxc3 (8. bxc3 O-O (8... Nc6
9. Nf3 Bd7 10. c4 Qd6 11. Bc3 $14 {1-0 Fine,R-Golombek,H/Hastings 1935 (33)}) (
8... b6 9. Nf3 Bb7 10. Ne5 (10. c4 Qe4 $5 11. Qxe4 (11. Bd3 $2 Qg4 $17) 11...
Nxe4 $11) (10. Bd3 Qh5 11. Be2 (11. e4 Qg4 $17) 11... O-O $11) 10... Nbd7 11.
Nxd7 Qxd7 12. f3 O-O 13. Be2 Rac8 14. Qb2 Rfd8 15. Rd1 (15. O-O e5 $17) 15...
Bc6 16. Ba6 (16. O-O $5 Ba4 17. Rb1 e5 $15) 16... Rb8 17. Bc4 Bd5 18. Bb5 Bc6
19. Bc4 Bd5 20. Bb5 Bc6 {1/2-1/2 Kjeldsen,J-Christensen,T/DEN t-ch 1996}) 9.
Nf3 Nc6 (9... cxd4 10. cxd4 b6 11. Bc4 Qh5 12. Be2 Bb7 13. Rc1 $14 {[#] 1/2-1/
2 Hoelzl,F-Stanec,N/AUT-ch 1995 (13)}) 10. c4 Qd6 11. dxc5 (11. Bc3 b6 12. Rd1
cxd4 13. exd4 $14 (13. Nxd4 Nxd4 14. Rxd4 Qe7 15. Be2 e5 16. Rd1 Bb7 $11 {
1/2-1/2 Antoshin,V-Cherepkov,A/Leningrad 1957 (40)})) 11... Qxc5 12. Rb1 e5 13.
Ng5 h6 14. Ne4 Nxe4 15. Qxe4 Rd8 16. Rb5 Qe7 17. Be2 b6 $1 18. Bf3 (18. Qxc6
Bb7 19. Rxe5 Qxe5 20. Qxb7 Qb2 $19) 18... Bb7 $15 {Alekhine-Euwe/Amsterdam Wch
(20)/1937}) 8... cxd4 (8... Nc6 9. Ne2 O-O 10. Nf4 Qd6 11. dxc5 Qxc5 $10 {
Bagirov in ECO E.}) 9. Bxd4 Nc6 10. Bxf6 (10. Bc3 e5 11. Nf3 Bg4 12. Be2 O-O
13. Qb3 Qxb3 14. axb3 Rfe8 15. Bb5 Nd7 16. Bxc6 bxc6 17. Ra5 f6 {1/2-1/2
Finegold,B-Smyslov,V/London Lloyds 1988}) 10... gxf6 11. Ne2 (11. Nf3 Bd7 12.
Be2 Rc8 $132 {1/2-1/2 Ibanez,E-Hansen,S/Badalona op 1995 (49)}) 11... Bd7 12.
a3 Qe5 13. Nc3 Nd4 $146 (13... f5 14. O-O-O O-O-O 15. g3 Kb8 16. Be2 Ne7 17.
Qd3 Qc7 {[/\18...Bc6]} 18. Qd6 Bc6 19. Qxc7+ Kxc7 20. Rhe1 Rxd1+ 21. Rxd1 Rd8
22. Rxd8 Kxd8 23. Kd2 $14 {1/2-1/2 Kasparov,G-Anand,V/New York PCA Wch 1995 
(29)}) 14. Qd3 Nf5 15. Be2 O-O-O 16. Bf3 Qc7 (16... Bc6 17. Qe2 Bxf3 18. Qxf3
Nd4 19. Qd1 Rhg8 20. Rc1 Kb8 21. O-O $132) 17. g3 (17. O-O Nh4 $1 $132) 17...
Ba4 (17... Bc6 18. Qe2 h5 (18... Bxf3 19. Qxf3 Qb6 20. O-O $14) 19. Rc1 Kb8 20.
O-O h4 21. Bxc6 Qxc6 22. g4 Rhg8 23. h3 Ng7 24. e4 Qb6 25. Rfd1 $14) 18. Qb1 (
18. Qe2 Bb3 19. Rc1 (19. O-O $140 Bc4 $19) 19... Kb8 $15 {[%csl Re1]}) 18...
Bc6 19. Bxc6 Qxc6 20. Qe4 (20. O-O Nh4 (20... Kb8 21. Qe4 $14 (21. Ne4 Nd6 22.
Nxd6 (22. Nxf6 $2 Qf3 $19) 22... Rxd6 23. Rc1 Qf3 24. Rd1 Rxd1+ 25. Qxd1 Qxd1+
26. Rxd1 Kc7 $11)) 21. Qe4 Nf3+ 22. Kg2 Nd2 (22... Qxe4 23. Nxe4 Nd2 24. Rac1+
Kb8 25. Nxd2 Rxd2 26. Rfd1 Rhd8 (26... Rxd1 27. Rxd1 Rc8 28. Rd7 Rc7 29. Rd8+ (
29. Rd4 f5 (29... Rc2 30. Rh4 $16) 30. Rh4 f6 31. Rh6 Rf7 $14) 29... Rc8 30.
Rxc8+ Kxc8 31. Kh3 Kd8 32. Kh4 Ke8 33. Kh5 Kf8 34. Kh6 Kg8 35. g4 $18) 27. Rxd2
Rxd2 28. Rc4 Rxb2 29. Rh4 Ra2 30. Rxh7 Rxa3 31. Rxf7 f5 32. h4 $16) 23. Qxc6+
bxc6 24. Rfd1 Nb3 25. Rxd8+ Rxd8 26. Rd1 Rxd1 27. Nxd1 $14) 20... Ne7 21. Qxc6+
(21. Rc1 f5 22. Qxc6+ Nxc6 23. Ke2 $14) 21... Nxc6 22. Ke2 f5 23. Rhd1 Ne5 24.
Nb5 Kb8 25. h3 (25. Nd6 $5 Rd7 26. Rd2 (26. f4 Nc6 (26... Ng4 27. Rd4 (27. h3
$2 Nxe3 28. Kxe3 Rhd8 $17) 27... Rhd8 28. Rad1 Nxh2 29. Nxf5 Rxd4 30. Nxd4 Rh8
(30... Rc8 31. Rh1 $16) 31. Nb5 (31. Rh1 Ng4 32. Rh5 h6 33. Kf3 Nf6 34. Rh2 h5
35. e4 Rd8 36. Rd2 Rg8 $14) 31... a6 32. Nd6 f5 33. e4 (33. Rh1 Ng4 34. Nf7 Rc8
35. Rxh7 Rc2+ 36. Kd3 Rxb2 $132) 33... fxe4 (33... Rd8 34. exf5 Kc7 35. f6 $18)
34. Nxe4 Rc8 35. Rh1 Rc2+ 36. Nd2 Nf3 37. Kxf3 Rxd2 38. Rxh7 Rxb2 39. Re7 Rb3+
40. Kg4 Rxa3 (40... Re3 41. Kh4 Re4 (41... b5 42. f5 $16) 42. Rf7 (42. Kg5 b5
43. g4 a5 $11) 42... Ra4 43. g4 Rxa3 44. g5 Ra1 45. g6 Rg1 46. Rf6 a5 47. Rxe6
a4 48. f5 Kc7 (48... b5 49. Rb6+ Kc7 50. Rxb5 $18) (48... a3 49. Re8+ Ka7 50.
Re3 $18) 49. Kh5 (49. f6 $2 Rxg6 50. f7 Rxe6 51. f8=Q Ra6 $11 (51... Rc6 $11))
49... a3 50. Re2 b5 51. f6 $18) 41. Rxe6 Kc7 42. Re7+ Kc6 43. f5 b5 44. f6 Ra1
45. Re5 Kd7 46. Kg5 (46. f7 Rf1) 46... b4 47. f7 Rf1 48. Kg6 b3 49. Re1 Rf3 50.
g4 a5 51. Re3 $1 (51. Kg7 a4 52. f8=Q Rxf8 53. Kxf8 a3 54. g5 b2 55. g6 a2 56.
g7 b1=Q 57. Rxb1 (57. Re7+ Kd6 $19) 57... axb1=Q 58. g8=Q $11) 51... Rf4 52.
Rxb3 Rxg4+ 53. Kf5 Rg1 54. Rb8 $1 (54. Rb7+ $2 Kc6 55. Rb8 Rf1+ 56. Kg6 a4 57.
f8=Q Rxf8 58. Rxf8 Kb5 59. Kf5 a3 60. Ke4 Kc4 61. Ra8 Kb3 62. Kd3 Kb2 $1 $11)
54... Rf1+ 55. Kg6 a4 56. f8=Q Rxf8 57. Rxf8 Kc6 58. Kf5 Kb5 59. Ke4 Kc4 60.
Ra8 Kb3 61. Kd3 a3 62. Rb8+ $18) 27. Rd2 Rhd8 28. Rad1 $14) 26... Rhd8 27. Rad1
Kc7 28. Nb5+ Kb6 29. Rxd7 Rxd7 30. Rxd7 Nxd7 31. Nd6 f6 $11) 25... a6 26. Nd6
Rd7 27. f4 Nc6 28. Nc4 $6 (28. Rd2 Rg8 (28... Rhd8 29. Rad1 f6 (29... h5 30.
Nxf7 $16) 30. e4 fxe4 31. Nxe4 Rxd2+ 32. Rxd2 $14) 29. Kf3 f6 30. g4 fxg4+ 31.
hxg4 Kc7 32. Rad1 Rdg7 33. Ne4 f5 34. gxf5 exf5 35. Ng5 Re7 36. Rh1 Ne5+ 37.
fxe5 Rxg5 38. Kf4 $16) 28... Rc7 29. Rac1 Rhc8 30. Nb6 (30. Nb6 Nd4+ 31. Rxd4 (
31. exd4 Rxc1 32. Nxc8 Rxc8 (32... Rxd1 33. Kxd1 Kxc8 34. a4 (34. Kc2 Kc7 35.
Kc3 Kd6 36. Kc4 b5+ 37. Kb4 Kd5 38. Ka5 Kxd4 39. Kxa6 Kc4 40. Ka5 f6 41. b4 e5
42. a4 bxa4 43. Kxa4 e4 44. b5 e3 45. b6 e2 46. b7 e1=Q 47. b8=Q Qa1#) 34...
Kc7 35. Kc2 Kd6 36. Kd3 Kd5 37. b3 a5 (37... h5 38. a5 Kc6 39. Kc4 b6 40. axb6
Kxb6 41. d5 exd5+ 42. Kxd5 Kb5 43. Ke5 Kb4 44. Kxf5 Kxb3 45. Kf6 (45. g4 hxg4
46. Kxg4 a5 $19) 45... a5 46. Kxf7 a4 47. f5 a3 48. f6 a2 49. Kg8 a1=Q 50. f7
Qc3 51. f8=Q Qxg3+ 52. Kh7 Qxh3 53. Kh6 $1 $11) 38. g4 (38. Ke3 Kc6) 38... fxg4
39. hxg4 h6 40. Ke3 $11)) 31... Rxc1 32. Nxc8 Kxc8 $11) 1/2-1/2

[Event "Rubinstein Memorial 37th"]
[Site "Polanica Zdroj"]
[Date "2000.08.20"]
[Round "4"]
[White "Van Wely, Loek"]
[Black "Gelfand, Boris"]
[Result "1/2-1/2"]
[WhiteElo "2643"]
[BlackElo "2681"]
[Annotator "Van Wely/Cifuentes"]
[PlyCount "75"]
[EventDate "2000.08.17"]
[EventType "tourn"]
[EventRounds "9"]
[EventCountry "POL"]
[EventCategory "17"]
[SourceTitle "CBM 079"]
[Source "ChessBase"]
[SourceDate "2000.11.21"]
[SourceVersion "1"]
[SourceVersionDate "2000.11.21"]
[SourceQuality "1"]

1. d4 Nf6 2. c4 e6 3. Nc3 Bb4 4. Qc2 d5 5. cxd5 Qxd5 6. e3 c5 7. Bd2 Bxc3 8.
Bxc3 cxd4 9. Bxd4 Nc6 10. Bc3 Bd7 (10... O-O 11. Nf3 b6 12. Be2 Bb7 13. O-O
Rac8 14. Rfd1 Qe4 15. Qxe4 Nxe4 16. Be1 $14 Rfd8 17. Rxd8+ (17. b4 $1 {/\b5})
17... Rxd8 18. Rc1 a5 19. Bb5 Rd6 20. Kf1 f6 21. Ke2 e5 22. a3 Kf8 23. Nd2 Nxd2
24. Bxd2 h6 25. f3 Ke7 26. b4 axb4 27. axb4 Kd8 28. Bd3 Ne7 29. b5 $1 e4 $2 (
29... Nd5 30. g3 Nc7 31. e4 Ne6 32. Bb4 Nd4+ 33. Ke3 Rd7 34. f4 $14) 30. fxe4
Re6 31. Rc4 Nc8 32. Rd4+ Kc7 33. Be1 Nd6 34. Bg3 Kd7 35. Bc4 $18 Re5 36. Bxe5
fxe5 37. Rd2 Bxe4 38. Bd5 Bxd5 39. Rxd5 Ke6 40. Rd3 Nxb5 41. Rb3 Nd6 42. Rxb6
e4 43. g4 g6 {1-0 Shipov,S-Short,N/Port Erin 1999}) 11. Nf3 Rc8 12. a3 Ne7 13.
Rd1 (13. Be2 O-O 14. O-O Bb5 15. Rfd1 {1/2-1/2 Khalifman,A-Leko,P/Dortmund GER
2000}) 13... Qc5 14. e4 $1 (14. Rd4 O-O 15. Rc4 Qb6 16. Bd4 Qa5+ 17. Bc3 Qb6
18. Bd4 Qa5+ 19. Bc3 {1/2-1/2 Cramling,P-Illescas Cordoba,M/Barcelona ESP 2000}
) 14... Bb5 15. Be2 Qc6 16. Bxb5 (16. Nd4 Ba4 $1 17. Nxc6 Bxc2 18. Nxe7 Rxc3 $1
) 16... Qxb5 17. Nd4 Qc4 18. f3 Nc6 $6 (18... e5 $142 19. Ne2 Nc6 20. Qd3 $1 (
20. Ng3 $6 O-O (20... g6 21. Nf1) 21. Qe2 Qc5 22. Qf2 Qc4 $11) 20... Qc5 21. b4
Qb6 22. b5 Rd8 23. Qc4 Rxd1+ 24. Kxd1 Ne7 25. Bb4 Qd8+ 26. Kc2 O-O 27. Rd1 Qc8
28. Qxc8 Rxc8+ 29. Kb3 $14) 19. Nxc6 Rxc6 20. Qf2 Qc5 21. Qg3 $5 (21. Qxc5 Rxc5
22. Bb4 Rc2 23. O-O $14) 21... Nh5 $8 22. Qb8+ Rc8 23. Qxb7 O-O 24. Qd7 f5 (
24... Qe3+ 25. Kf1 Nf4 26. Qd2 $16) 25. Qd4 Qb5 26. Qe5 $2 (26. exf5 $1 exf5 (
26... Rxf5 27. Kf2 $16) 27. Qd5+ $16) 26... Qxe5 27. Bxe5 fxe4 28. Rf1 (28.
fxe4 Rc4 29. Bd4 Rd8 $1 30. Bxa7 Rxe4+ 31. Kf2 Rf8+ 32. Kg1 Re2 $132) 28... Nf4
29. Bxf4 Rxf4 30. Ke2 exf3+ 31. Rxf3 Rxf3 32. gxf3 $11 Kf7 33. Rd7+ (33. b4 Ke7
(33... a5 34. b5 a4 35. Rd4)) 33... Kf6 34. Kd3 a5 35. Ra7 Rb8 36. Kc3 Rc8+ 37.
Kd3 Rb8 38. Kc3 1/2-1/2

[Event "Braganca Paulista op"]
[Site "Sao Paulo"]
[Date "1997.??.??"]
[Round "3"]
[White "Vera Gonzalez Quevedo, Reynaldo"]
[Black "Milos, Gilberto"]
[Result "1/2-1/2"]
[WhiteElo "2530"]
[BlackElo "2590"]
[Annotator "Vera,R"]
[PlyCount "43"]
[EventDate "1997.??.??"]
[EventType "swiss"]
[EventRounds "7"]
[EventCountry "BRA"]
[SourceTitle "EXT 2001"]
[Source "ChessBase"]
[SourceDate "2000.11.22"]
[SourceVersion "1"]
[SourceVersionDate "2000.11.22"]
[SourceQuality "1"]

1. d4 Nf6 2. c4 e6 3. Nc3 Bb4 4. Qc2 d5 5. cxd5 Qxd5 6. Nf3 Qf5 7. Qd1 c5 8. e3
cxd4 9. exd4 Ne4 10. Bd2 Nc6 11. Bd3 $5 $146 Nxc3 (11... Nxf2 $5 12. Bxf5 Nxd1
13. Rxd1 (13. Kxd1 $5 exf5 14. Re1+) 13... exf5 14. d5 Ne7 15. Nb5 Bxd2+ 16.
Rxd2 $44) 12. Bxc3 Bxc3+ 13. bxc3 Qf6 (13... Qa5 $5) 14. O-O O-O 15. Re1 $1 $14
Rd8 $8 (15... b6 $2 16. Be4 Bb7 17. Ne5 Rfc8 18. Re3 Qe7 19. Bxh7+ Kxh7 20.
Qh5+ Kg8 21. Rh3 $18) (15... Bd7 $2 16. Qb1 $16) 16. Re3 h6 $1 17. Be4 (17. Ne5
$1 Nxe5 18. dxe5 Qe7 19. Rg3 Kh8 $1 (19... Bd7 20. Qg4 Qf8 (20... g6 $2 21.
Bxg6 $1) (20... Qg5 $2 21. Qe4 Qf5 22. Qe2 $18) (20... f5 21. exf6 Qxf6 22. Rf3
$18) 21. Qe4 g6 22. Qxb7 $16) 20. Qf3 Qf8 21. Rb1 (21. Re1 $16) 21... a5 22.
Qe4 Qg8 23. h4 $16) 17... Bd7 18. Rb1 Rab8 19. c4 (19. Qa4 b5 $1) 19... Be8 20.
d5 exd5 21. Bxd5 Ne7 22. Qe2 1/2-1/2

[Event "Bonn GSK"]
[Site "Bonn"]
[Date "1994.??.??"]
[Round "2"]
[White "Shabalov, Alexander"]
[Black "Romanishin, Oleg M"]
[Result "0-1"]
[WhiteElo "2590"]
[BlackElo "2590"]
[Annotator "Von Gleich,A"]
[PlyCount "82"]
[EventDate "1994.??.??"]
[EventType "tourn"]
[EventRounds "9"]
[EventCountry "GER"]
[EventCategory "12"]
[SourceTitle "CBM 040"]
[Source "ChessBase"]
[SourceDate "1994.06.01"]
[SourceVersion "1"]
[SourceVersionDate "1994.06.01"]
[SourceQuality "1"]

1. d4 Nf6 2. c4 e6 3. Nc3 Bb4 4. Qc2 d5 5. cxd5 Qxd5 6. Nf3 Qf5 7. Qb3 (7. Qa4+
Nc6 8. Ne5 Ne4) (7. Qxf5 exf5 $10 {Tukmakov-Romanishin, PCA-Groningen 93,
Schwarz gewann.}) 7... c5 8. a3 (8. g3 cxd4 (8... Ne4 9. Bg2 cxd4 10. Qxb4 dxc3
11. O-O cxb2 12. Bxb2) 9. Nxd4 (9. Qxb4 dxc3 10. Qxc3 O-O) 9... Qd5) 8... Ba5
9. e3 Nc6 10. Be2 cxd4 11. exd4 Qd5 12. Bc4 Qe4+ 13. Be3 O-O (13... Nd5 14. O-O
Bxc3 15. bxc3 Nxe3 16. Rfe1 Qc2 17. fxe3 Qxb3 18. Bxb3 Na5 19. Ba2 b6) 14. O-O
Bxc3 15. Qxc3 Bd7 $6 (15... Nd5 $1 16. Qd2 Nxe3 17. fxe3 Bd7 $10) 16. Rae1 Qf5
17. Bd3 Qh5 18. Qd2 Rac8 19. Bg5 $1 (19. Ne5 Nxe5 (19... Rfd8 $1 20. Nxd7 Rxd7
$15) 20. dxe5 Qxe5 (20... Nd5) 21. Bg5 $2 (21. Bxa7 Qd5 22. Bb6) 21... Qd5 22.
Bxf6 gxf6 (22... Bc6 23. Qg5) 23. Re4 Bc6 (23... Kh8 24. Qh6 (24. Rh4 Bc6 25.
Rxh7+ Kg8) 24... Qg5) (23... Qg5 $1 24. Re3 Kh8 25. Bxh7 Bc6 26. f4 Qxg2+ 27.
Qxg2 Bxg2 28. Kxg2 Kxh7)) 19... Nd5 20. Re4 {ein starker Zug der die schwarze
in Bedrängnis bringt und einen Angriff auf die schwarze Rochadestellung
entfachen läßt.} f5 21. Rh4 Qf7 22. Kh1 $1 (22. g4 Nde7) (22. Bc4 h6 23. Bxd5
exd5 24. Bf4 g5) 22... h6 23. Bxh6 gxh6 24. Rxh6 $4 (24. g4 $1 f4 (24... Nde7
$2 25. gxf5 Nxf5 26. Bxf5 exf5 27. Rg1+) 25. g5 h5 26. Rg1 {bereitet Pg5-g6-g7
vor und verwehrt im Gegensatz zu sofortigem g5-g6 der schwarzen Dame das Feld
f6.} Nde7 27. g6 Qf6 (27... Qe8 28. g7 Rf5 29. Bxf5 Nxf5 30. Rxh5) (27... Qg7
28. Rxh5 Nxd4 29. Rh7 (29. Nxd4 Qxd4 30. g7 Rf5 31. Rh8+ Kf7 32. g8=Q+ Rxg8 33.
Rh7+ Kf8) 29... Nxf3 30. Rxg7+ Kxg7) 28. g7 Rfd8 29. Rxh5 Nf5 30. Bxf5 exf5 31.
Rh8+ Kf7 32. Ng5+ Ke7) 24... Qg7 25. g4 fxg4 26. Rg6 Rxf3 27. Qg5 $2 (27. Rxg7+
Kxg7 28. Qg5+ Kf8 29. Qh6+ (29. Be4 Rf4 30. Bxd5 exd5 31. Qxd5 Rxd4) 29... Ke7)
27... Rf7 28. Qxg4 Nce7 29. Rxg7+ Rxg7 $19 30. Qh4 Bc6 31. f3 Ne3 32. Bh7+ Rxh7
33. Qg5+ (33. Rg1+ Kf8 34. Qxh7 Bxf3+ 35. Rg2 Rc1#) 33... Kf7 34. Qxe3 Nf5 35.
Qe5 Bd5 36. Kg1 Rc2 37. Rf2 Rc1+ 38. Rf1 Rc2 39. Rf2 Rc1+ 40. Rf1 Rc4 41. Kf2
Rc2+ 0-1